00543nam a2200169Ia 4500003000400000008004100004040001600045082002000061100003900081245010300120700001800223260004900241300001000290650002200300650002200322650002900344GCL140319s9999 xx 000 0 eng d aGCL / cGCL04aCCb962.03bH J1 aDESROCHES - NEBLECOURT, CHRISTIANE10aJEAN-FRANCOIS CHAMPOLLION: SA VIE ET SON OEUVRE 1790 - 1832 / cDESROCHES - NEBLECOURT, CHRISTIANE1 aHARTLEBEN, H. a[S.N] : bPYGMALION\GERARD WATELET ، c1983 a621 P04aFRENCH EXPEDITION04aEGYPTIAN LANGUAGE04aCHAMPOLLION, 1790 - 1832